[Event "4th Stage Russian Cup"]
[Site "Samara RUS"]
[Date "2002.07.29"]
[Round "4"]
[White "Shinkevich,V"]
[Black "Obukhov,A"]
[Result "1/2-1/2"]
[WhiteElo "2487"]
[BlackElo "2444"]
[EventDate "2002.07.26"]

1. d4 f5 2. c4 Nf6 3. g3 e6 4. Bg2 Be7 5. Nf3 d6 6. O-O O-O 7. Nc3 a5 8. b3
Na6 9. Bb2 Qe8 10. a3 Rb8 11. e3 1/2-1/2

[Event "4th Stage Russian Cup"]
[Site "Samara RUS"]
[Date "2002.07.29"]
[Round "4"]
[White "Grachev,B"]
[Black "Kovalevskaya,E"]
[Result "1/2-1/2"]
[WhiteElo "2466"]
[BlackElo "2486"]
[EventDate "2002.07.26"]

1. d4 Nf6 2. c4 g6 3. Nc3 Bg7 4. Nf3 O-O 5. g3 d5 6. Bg2 dxc4 7. Qa4 Nc6 8.
Qxc4 Be6 9. Qd3 Nd5 10. Nxd5 Qxd5 11. e4 Qc4 12. Qxc4 Bxc4 13. Be3 Rfd8 14.
O-O-O Be2 15. Rd2 Bxf3 16. Bxf3 Bxd4 17. Bg5 Bc5 18. Rc2 Bb6 19. Rd1 f6 20.
Bh6 Ne5 21. Be2 Rxd1+ 22. Kxd1 Rd8+ 23. Ke1 e6 24. Bd2 Nd3+ 25. Bxd3 Rxd3
26. Ke2 Rd7 27. f3 Kf7 28. h4 e5 29. Bb4 Ke6 30. b3 f5 31. exf5+ gxf5 32.
Be1 e4 33. fxe4 fxe4 34. g4 Rd3 35. Rc3 Rxc3 36. Bxc3 Bc5 37. h5 c6 38. Bg7
Kf7 39. Be5 Ke6 40. Bg7 Kf7 41. Be5 Ke6 42. Bg7 1/2-1/2

[Event "4th Stage Russian Cup"]
[Site "Samara RUS"]
[Date "2002.07.29"]
[Round "4"]
[White "Popov,Val"]
[Black "Bryzgalin,K"]
[Result "1-0"]
[WhiteElo "2579"]
[BlackElo "2446"]
[EventDate "2002.07.26"]

1. c4 Nf6 2. Nc3 d6 3. d4 Nbd7 4. e4 e5 5. Nf3 c6 6. Be2 Be7 7. O-O O-O 8.
Be3 a6 9. d5 cxd5 10. cxd5 b5 11. Nd2 Bb7 12. b4 Qb8 13. a4 Rc8 14. Qb3
bxa4 15. Rxa4 Qc7 16. Ra3 a5 17. Nb5 Qd8 18. Rxa5 Rxa5 19. bxa5 Ba6 20. Qa3
Nc5 21. f3 Nb7 22. Bb6 Qd7 23. Rb1 Rc2 24. Rb2 Rxb2 25. Qxb2 Bd8 26. Qb4
Bxb6+ 27. axb6 Qd8 28. Nxd6 Qxd6 29. Qxd6 Nxd6 30. Bxa6 Nd7 31. b7 Kf8 32.
Nc4 Nxc4 33. Bxc4 Ke7 34. Bb5 Nb8 35. Kf2 Kd6 36. Kg3 Kc5 37. Bc6 Kd6 38.
Kg4 Na6 39. h4 1-0

[Event "4th Stage Russian Cup"]
[Site "Samara RUS"]
[Date "2002.07.29"]
[Round "4"]
[White "Egorov,E"]
[Black "Kornev,Alexe"]
[Result "0-1"]
[WhiteElo "2444"]
[BlackElo "2567"]
[EventDate "2002.07.26"]

1. e4 c6 2. d4 d5 3. e5 Bf5 4. h4 Qb6 5. g4 Bd7 6. Rh3 e6 7. Rb3 Qc7 8. c4
Ne7 9. Nc3 dxc4 10. Bxc4 Nd5 11. Bg5 h6 12. Be3 a5 13. a4 Bb4 14. Nf3 Nxe3
15. fxe3 c5 16. d5 exd5 17. Qxd5 O-O 18. Qd6 Qxd6 19. exd6 Re8 20. Kf2 Bxg4
21. Nd5 Bxf3 22. Kxf3 Nc6 23. Nb6 Rad8 24. Rd1 Ne5+ 25. Kf4 Kf8 26. h5 f6
27. Rd5 Re6 28. Kf5 Rexd6 29. e4 Nxc4 30. Nxc4 Rxd5+ 31. exd5 Rxd5+ 32. Ke6
Rd4 33. Nxa5 Bxa5 34. Rxb7 Re4+ 0-1

[Event "4th Stage Russian Cup"]
[Site "Samara RUS"]
[Date "2002.07.29"]
[Round "4"]
[White "Kosintseva,T"]
[Black "Yurtaev,L"]
[Result "0-1"]
[WhiteElo "2441"]
[BlackElo "2552"]
[EventDate "2002.07.26"]

1. e4 e5 2. Nf3 d6 3. d4 Bg4 4. dxe5 Nd7 5. exd6 Bxd6 6. Be2 Ngf6 7. Nc3
Qe7 8. Nd4 Bxe2 9. Qxe2 Bb4 10. O-O O-O 11. Nf5 Qe6 12. f3 Rfe8 13. Qf2 Bc5
14. Ne3 Nb6 15. Kh1 Rad8 16. Qe2 g6 17. Ned1 Nh5 18. Nf2 c6 19. Nd3 Bd4 20.
Be3 Bg7 21. Nc5 Qe7 22. Rad1 Rxd1 23. Rxd1 f5 24. Kg1 Be5 25. g3 f4 26.
gxf4 Nxf4 27. Bxf4 Bxf4 28. Nd3 Rf8 29. Nxf4 Rxf4 30. Qd3 Rf8 31. Ne2 Qf7
32. Kg2 Nc4 33. Qb3 b5 34. Rd3 Qf6 35. Qc3 Ne5 36. Re3 Qg5+ 37. Kh1 Rd8 38.
Ng1 b4 39. Qe1 c5 40. Re2 Qf6 41. Qf2 Rd1 42. Rd2 Qxf3+ 43. Qg2 Qxg2+ 44.
Rxg2 Kf7 45. Rf2+ Ke6 46. Kg2 Ng4 47. Re2 Rc1 48. h3 Ne5 49. b3 Ra1 50. Nf3
Rxa2 51. Nxe5 Kxe5 52. Kf3 c4 53. Rd2 Ke6 54. bxc4 b3 55. Rd3 bxc2 56. Rc3
Ra3 0-1

[Event "4th Stage Russian Cup"]
[Site "Samara RUS"]
[Date "2002.07.29"]
[Round "4"]
[White "Dyachkov,S"]
[Black "Temirbaev,S"]
[Result "1/2-1/2"]
[WhiteElo "2549"]
[BlackElo "2433"]
[EventDate "2002.07.26"]

1. d4 Nf6 2. c4 g6 3. Nc3 Bg7 4. e4 d6 5. f3 O-O 6. Be3 a6 7. Qd2 b6 8. Rd1
Bb7 9. Nh3 Nbd7 10. Be2 c5 11. O-O Qb8 12. Nf2 Rd8 13. d5 b5 14. cxb5 axb5
15. b4 cxb4 16. Nxb5 Ra4 17. Rb1 Qa8 18. Bc4 Qa5 19. Nd4 Nc5 20. Nb3 Nxb3
21. Bxb3 Ra3 22. Rfc1 Nd7 23. Nd3 Bc3 24. Qf2 Ba6 25. Nb2 Rb8 1/2-1/2

[Event "4th Stage Russian Cup"]
[Site "Samara RUS"]
[Date "2002.07.29"]
[Round "4"]
[White "Karpeshov,O"]
[Black "Kruppa,Y"]
[Result "1/2-1/2"]
[WhiteElo "2408"]
[BlackElo "2544"]
[EventDate "2002.07.26"]

1. d4 Nf6 2. c4 g6 3. Nc3 Bg7 4. Nf3 O-O 5. Bg5 d6 6. e3 Nbd7 7. Be2 c6 8.
O-O h6 9. Bh4 g5 10. Bg3 Nh5 11. Bd3 Ndf6 12. Qc2 e6 13. Rad1 Qe7 14. b4
Bd7 15. c5 Nxg3 16. hxg3 Nd5 17. Rb1 g4 18. cxd6 Qxd6 19. Ne4 Qc7 20. Nfd2
e5 21. dxe5 Qxe5 22. Nc4 Qe7 23. Nc5 Nxb4 24. Rxb4 Qxc5 25. Rxb7 Be6 26.
Rc1 Rab8 27. Rb3 Rfd8 28. Qb1 Rxb3 29. axb3 Rb8 30. Qa2 Rd8 31. Be2 h5 32.
Kf1 Rd5 33. Qc2 Bf5 34. Qa2 Be6 35. Qc2 Bf5 36. Qa2 1/2-1/2

[Event "4th Stage Russian Cup"]
[Site "Samara RUS"]
[Date "2002.07.29"]
[Round "4"]
[White "Azarov,S"]
[Black "Loskutov,O"]
[Result "0-1"]
[WhiteElo "2532"]
[BlackElo "2406"]
[EventDate "2002.07.26"]

1. e4 c5 2. Nf3 d6 3. d4 cxd4 4. Nxd4 Nf6 5. Nc3 a6 6. Be3 e5 7. Nb3 Be7 8.
f3 Be6 9. Qd2 h5 10. O-O-O Nbd7 11. h3 Rc8 12. Bd3 Nb6 13. Kb1 h4 14. f4
exf4 15. Bxf4 O-O 16. Nd4 Nh5 17. e5 Rxc3 18. Qxc3 Nxf4 19. exd6 Bxd6 20.
Nxe6 Nxe6 21. Be4 Nc5 22. Rhe1 Qc7 23. Bd5 Bg3 24. Rf1 Be5 25. Qb4 Nca4 26.
c3 Bxc3 27. Qxh4 Nxd5 28. Qxa4 Ne3 29. Rd7 Qb6 30. Rf2 Qg6+ 31. Ka1 Bf6 32.
Qb3 Rc8 33. Qxe3 Bg5 34. Rf4 Qe6 0-1

[Event "4th Stage Russian Cup"]
[Site "Samara RUS"]
[Date "2002.07.29"]
[Round "4"]
[White "Geller,J"]
[Black "Fominyh,A"]
[Result "1/2-1/2"]
[WhiteElo "2406"]
[BlackElo "2530"]
[EventDate "2002.07.26"]

1. e4 c5 2. Nf3 Nc6 3. d4 cxd4 4. Nxd4 Qc7 5. Nc3 e6 6. f4 a6 7. Nxc6 bxc6
8. Bd3 d5 9. O-O Nf6 10. e5 Nd7 11. Na4 c5 12. c4 d4 13. b3 Be7 14. Qe2 Bb7
15. Bd2 g6 16. Rae1 Qc6 17. Be4 Qxe4 18. Qxe4 Bxe4 19. Rxe4 a5 20. Kf2 h5
21. g3 Kd8 22. Kf3 Kc7 23. Ree1 Rhb8 24. h3 Nb6 25. Rb1 Kc6 26. Rh1 Rh8 27.
Ke4 Bd8 28. Be1 Nd7 29. Bd2 Bc7 30. Nb2 f5+ 31. Kf3 a4 32. Nxa4 Nb6 33.
Nxb6 Rxa2 34. Na4 Rxd2 35. Rbd1 Rxd1 36. Rxd1 Rb8 37. Rd3 g5 38. Nb2 h4 39.
gxh4 gxf4 40. Kxf4 Rh8 41. Rf3 Rxh4+ 42. Kg5 Re4 43. Nd3 Bxe5 44. Nxe5+
Rxe5 45. h4 Re3 46. Rf1 Kd6 47. Kf6 Rh3 48. Re1 Rxh4 49. Rxe6+ Kd7 50. Re7+
Kd6 51. Re6+ Kc7 52. Re5 Kb6 53. Rd5 Kc6 54. Kxf5 Rh3 55. b4 cxb4 56. Ke4
d3 57. Rxd3 Rh4+ 58. Ke3 Kc5 59. Kd2 Kxc4 60. Rg3 1/2-1/2

[Event "4th Stage Russian Cup"]
[Site "Samara RUS"]
[Date "2002.07.29"]
[Round "4"]
[White "Krishilovsky,A"]
[Black "Loginov,Va"]
[Result "0-1"]
[WhiteElo "2040"]
[BlackElo "2526"]
[EventDate "2002.07.26"]

1. d4 Nf6 2. c4 e6 3. Nf3 b6 4. g3 Ba6 5. b3 Bb4+ 6. Bd2 Be7 7. Bg2 d5 8.
Bc3 Ne4 9. O-O Nxc3 10. Nxc3 c6 11. Re1 O-O 12. Qc2 Nd7 13. Rad1 dxc4 14.
e4 cxb3 15. Qxb3 Qc7 16. d5 Nc5 17. Qb1 Rad8 18. Qc2 h6 19. Nd4 cxd5 20.
exd5 Bf6 21. Ncb5 Bxb5 22. Nxb5 Qd7 23. a4 exd5 24. Rxd5 Qg4 25. a5 Qb4 26.
Rb1 Qxa5 27. Nc7 Rc8 28. Nb5 Rce8 29. h4 Re1+ 30. Rxe1 Qxe1+ 31. Kh2 a6 32.
Nd6 Ne6 33. Ne4 Be7 34. Rd7 Bc5 35. f4 Qg1+ 36. Kh3 Qe3 37. Kh2 Nxf4 38.
gxf4 Qxf4+ 39. Kh3 Re8 0-1

[Event "4th Stage Russian Cup"]
[Site "Samara RUS"]
[Date "2002.07.29"]
[Round "4"]
[White "Bezgodov,A"]
[Black "Simantsev,M"]
[Result "1/2-1/2"]
[WhiteElo "2518"]
[BlackElo "2401"]
[EventDate "2002.07.26"]

1. d4 Nf6 2. Nf3 c5 3. d5 d6 4. Nc3 e6 5. e4 exd5 6. Nxd5 Nxd5 7. exd5 Be7
8. Bd3 Bg4 9. c3 Nd7 10. Qa4 Bh5 11. h4 O-O 12. Be3 Nf6 13. O-O-O Qd7 14.
Qc2 Bg6 15. Bxg6 hxg6 16. Bg5 Rfe8 17. Nd2 Qf5 18. Qxf5 gxf5 19. Nc4 Ne4
20. Bxe7 Rxe7 21. Rhe1 Rd7 22. f3 Ng3 23. a4 g6 24. Rd3 Kg7 25. Rde3 Kf8
26. f4 Nh5 27. g3 Nf6 28. Kc2 Rad8 1/2-1/2

[Event "4th Stage Russian Cup"]
[Site "Samara RUS"]
[Date "2002.07.29"]
[Round "4"]
[White "Sidorov,A"]
[Black "Tishin,P"]
[Result "1/2-1/2"]
[WhiteElo "2384"]
[BlackElo "2513"]
[EventDate "2002.07.26"]

1. d4 d5 2. c4 Nc6 3. e3 e5 4. cxd5 Qxd5 5. Nc3 Bb4 6. a3 Bxc3+ 7. bxc3
exd4 8. cxd4 Nf6 9. Nf3 O-O 10. Be2 Ne4 11. Bd2 Na5 12. Bb4 Re8 13. O-O
1/2-1/2

[Event "4th Stage Russian Cup"]
[Site "Samara RUS"]
[Date "2002.07.29"]
[Round "4"]
[White "Makarov,M"]
[Black "Kotanjian,T"]
[Result "1/2-1/2"]
[WhiteElo "2512"]
[BlackElo "2388"]
[EventDate "2002.07.26"]

1. d4 d5 2. c4 c6 3. Nf3 Nf6 4. e3 Bg4 5. h3 Bh5 6. cxd5 cxd5 7. Nc3 e6 8.
g4 Bg6 9. Ne5 Nfd7 10. Nxg6 hxg6 11. e4 dxe4 12. d5 e5 13. Nxe4 Qa5+ 14.
Bd2 Qxd5 15. Bg2 Qb5 16. a4 Qb6 17. O-O a5 18. Be3 Qc7 19. Qb3 Bb4 20. Nc3
Nc6 21. Nd5 Qc8 22. Rac1 O-O 23. Rfd1 Re8 24. Be4 Re6 25. Nxb4 axb4 26. Bd5
Re7 27. Bg5 Nf6 28. Bxf6 gxf6 29. Qf3 f5 30. Bxc6 bxc6 31. Rxc6 Qb7 32. Qd5
fxg4 33. Rxg6+ Kf8 34. Rxg4 Qxd5 35. Rxd5 Rxa4 36. Kg2 Re6 37. Re4 Rg6+ 38.
Kf3 Rf6+ 39. Ke3 Ra1 40. Rxb4 Rh1 41. Rb8+ Kg7 42. Rdd8 Rf4 43. Rg8+ Kf6
44. Rg4 Rf5 45. Rb6+ Ke7 46. Rg3 Rh2 1/2-1/2

[Event "4th Stage Russian Cup"]
[Site "Samara RUS"]
[Date "2002.07.29"]
[Round "4"]
[White "Alavkin,A"]
[Black "Kurenkov,N"]
[Result "1/2-1/2"]
[WhiteElo "2498"]
[BlackElo "2381"]
[EventDate "2002.07.26"]

1. e4 c5 2. Nf3 e6 3. c3 Nf6 4. e5 Nd5 5. d4 cxd4 6. cxd4 d6 7. a3 Nc6 8.
Bd3 Be7 9. O-O dxe5 10. dxe5 g5 11. Re1 g4 1/2-1/2

[Event "4th Stage Russian Cup"]
[Site "Samara RUS"]
[Date "2002.07.29"]
[Round "4"]
[White "Kuporosov,V"]
[Black "Abrashkin,B"]
[Result "1/2-1/2"]
[WhiteElo "2486"]
[BlackElo "2379"]
[EventDate "2002.07.26"]

1. e4 c5 2. Nf3 g6 3. d4 Bg7 4. c4 Nc6 5. dxc5 Qa5+ 6. Bd2 Qxc5 7. Nc3 Nf6
8. Be2 O-O 9. O-O d6 10. h3 Ne5 11. b3 Be6 12. Rc1 Nxf3+ 13. Bxf3 Rfe8 14.
Re1 Nd7 15. Nb5 a6 16. Be3 Qc8 17. Nd4 Ne5 18. Be2 Nc6 19. Nxe6 Qxe6 20.
Qd5 Bd4 21. Bxd4 Qxd5 22. cxd5 Nxd4 23. Bg4 e5 24. dxe6 Nxe6 25. Red1 Rad8
26. h4 Nc5 27. f3 h5 28. Bh3 Kf8 29. Kf2 Ke7 30. Rd5 Ne6 31. Bxe6 Kxe6 32.
Rc7 Re7 33. Rc4 Ree8 34. Rb4 Rd7 35. Ke3 Rc8 36. Rd2 Rdc7 37. Rbd4 Rc3+ 38.
Kf4 R8c6 39. Rd5 Ke7 40. g3 Rc1 1/2-1/2

[Event "4th Stage Russian Cup"]
[Site "Samara RUS"]
[Date "2002.07.29"]
[Round "4"]
[White "Melkozerov,D"]
[Black "Iskusnyh,S"]
[Result "0-1"]
[WhiteElo "2364"]
[BlackElo "2485"]
[EventDate "2002.07.26"]

1. d4 d5 2. c4 c6 3. Nf3 Nf6 4. e3 a6 5. a4 e6 6. Nbd2 c5 7. Be2 Nc6 8. O-O
cxd4 9. exd4 Bb4 10. Nb3 dxc4 11. Bxc4 Be7 12. Bf4 b6 13. Qe2 Bb7 14. Rfd1
O-O 15. Ne5 Nb4 16. Rac1 Nfd5 17. Bd2 Rc8 18. Qh5 Qd6 19. a5 Nf6 20. Qh3
bxa5 21. Nxa5 Bd5 22. Bf1 Rxc1 23. Rxc1 Qb6 24. Bxb4 Bxb4 25. Nac6 Bd6 26.
Qc3 Ne4 27. Qc2 Bxe5 28. Nxe5 Qxd4 29. Nd7 Bb3 30. Qe2 Nxf2 31. Qxf2 Qxd7
32. Bxa6 Rd8 33. h3 g6 34. Qf6 Qd4+ 35. Qxd4 Rxd4 36. Rc8+ Kg7 37. Rb8 Bd5
38. b4 Rd2 39. Bf1 Rb2 40. b5 f5 41. Rd8 g5 42. g3 h5 0-1

[Event "4th Stage Russian Cup"]
[Site "Samara RUS"]
[Date "2002.07.29"]
[Round "4"]
[White "Khairullin,I"]
[Black "Akhmetov,A"]
[Result "1/2-1/2"]
[WhiteElo "2329"]
[BlackElo "2482"]
[EventDate "2002.07.26"]

1. e4 g6 2. d4 Bg7 3. Nc3 c6 4. Bc4 d6 5. Nf3 Nf6 6. O-O b5 7. Bd3 O-O 8.
h3 Nbd7 9. a4 b4 10. Ne2 Qc7 11. c3 Rb8 12. Bd2 bxc3 13. Bxc3 c5 14. Rc1
cxd4 15. Bxd4 Qa5 16. Bc3 Qd8 17. b4 Bb7 18. Qc2 e5 19. Rfd1 Qe7 20. Qb1 d5
21. Ng3 Bh6 22. Nd2 dxe4 23. Ngxe4 Nd5 24. Qb3 Nxc3 25. Rxc3 Rfc8 26. Bf1
Bf8 27. b5 Rxc3 28. Nxc3 Nc5 29. Qa2 Rd8 30. Nc4 Rd4 31. Qe2 Ne4 32. Nxe4
Rxe4 33. Qc2 Qc7 34. Bd3 Rd4 35. Ne3 Qxc2 36. Bxc2 Bc5 37. Rxd4 Bxd4 38.
Bb3 Kf8 39. Nd5 e4 40. Kf1 Ke8 41. Nb4 f5 42. Ke2 Bb6 43. Nc6 Bxc6 44. bxc6
1/2-1/2

[Event "4th Stage Russian Cup"]
[Site "Samara RUS"]
[Date "2002.07.29"]
[Round "4"]
[White "Nikitin,An"]
[Black "Yandarbiev,R"]
[Result "1-0"]
[WhiteElo "2471"]
[BlackElo "2357"]
[EventDate "2002.07.26"]

1. d4 Nf6 2. c4 g6 3. Nc3 Bg7 4. e4 d6 5. Be2 O-O 6. Nf3 e5 7. O-O Nc6 8.
d5 Ne7 9. Ne1 Ne8 10. Be3 f5 11. f3 f4 12. Bf2 h5 13. a4 g5 14. a5 Rf6 15.
c5 Rg6 16. Nb5 g4 17. cxd6 Nxd6 18. Nxa7 g3 19. Bc5 Bd7 20. Kh1 Rxa7 21.
Bxa7 b6 22. axb6 cxb6 23. hxg3 fxg3 24. f4 Nec8 25. Kg1 Nxe4 26. Qc2 Bf8
27. d6 Bxd6 28. b4 Qh4 29. Nf3 Qxf4 30. Bd3 Rg4 31. Qc4+ Kg7 32. Qxe4 Qxe4
33. Bxe4 Rxe4 34. Rfd1 Rxb4 35. Bb8 Bxb8 36. Rxd7+ Kf6 37. Rd8 Rc4 38. Nd2
Rc2 39. Ne4+ Ke7 40. Rh8 b5 41. Nxg3 Ba7+ 42. Kh2 Bd4 43. Nf5+ Ke6 44.
Nxd4+ exd4 45. Rxh5 d3 46. Ra6+ Ke7 47. Rxb5 d2 48. Rd5 Kf7 49. Rd7+ Ke8
50. Rd3 Kf7 51. Rh6 Kg7 52. Rh4 Nb6 53. Rf4 Kg6 54. Rg3+ Kh5 55. Rf8 Rc6
56. Rh8+ Rh6 57. Rd8 Nc4 58. Rd5+ Kh4 59. Rh3+ Kg4 60. Rxh6 Ne3 61. Rg6+
Kf4 62. Rgd6 1-0

[Event "4th Stage Russian Cup"]
[Site "Samara RUS"]
[Date "2002.07.29"]
[Round "4"]
[White "Rodchenkov,V"]
[Black "Shestoperov,A"]
[Result "0-1"]
[WhiteElo "2305"]
[BlackElo "2458"]
[EventDate "2002.07.26"]

1. e4 c5 2. Nf3 e6 3. c3 Nf6 4. e5 Nd5 5. d4 cxd4 6. cxd4 d6 7. Nc3 Nc6 8.
exd6 Bxd6 9. Bd3 Be7 10. O-O O-O 11. a3 Bf6 12. Be4 Nce7 13. Qc2 g6 14. Bh6
Re8 15. Rad1 Bd7 16. Ne5 Bc6 17. Rfe1 Rc8 18. Qd3 Nf5 19. Bc1 Nxc3 20. Nxc6
Ne2+ 21. Rxe2 bxc6 22. Bxf5 gxf5 23. Rc2 Qd6 24. Rcd2 Kh8 25. Qf3 Rg8 26.
Qh5 Qd5 27. g3 Qd7 28. Rd3 Rg4 29. Bf4 Rg6 30. Be5 Rd8 31. Qf3 Bg7 32. Qf4
f6 33. Bb8 Qb7 34. Bc7 Bh6 35. Qf3 Qxc7 36. Rc3 Rd6 37. Qd3 Rg4 38. Qa6 Qd7
39. Rb3 Rdxd4 40. Re1 Rd1 41. Rb8+ Rg8 42. Rxg8+ Kxg8 43. Rxd1 Qxd1+ 44.
Kg2 Qd5+ 45. Kh3 Qd7 46. Kh4 f4 47. g4 Bg5+ 48. Kh5 Qf7+ 0-1

[Event "4th Stage Russian Cup"]
[Site "Samara RUS"]
[Date "2002.07.29"]
[Round "4"]
[White "Solovjov,S"]
[Black "Pisakov,I"]
[Result "1-0"]
[WhiteElo "2457"]
[BlackElo "2260"]
[EventDate "2002.07.26"]

1. e4 e5 2. Nc3 Nc6 3. Nf3 Nf6 4. g3 d5 5. exd5 Nxd5 6. Bg2 Nde7 7. Qe2 Bg4
8. Qb5 a6 9. Qa4 Qd7 10. O-O f6 11. d3 h5 12. Be3 Nf5 13. Qe4 Nd6 14. Qa4
Bh3 15. Ne4 Bxg2 16. Kxg2 h4 17. Nxh4 Nf5 18. Nxf5 Qxf5 19. h4 O-O-O 20.
Qb3 Be7 21. f3 Qd7 22. Bc5 g5 23. hxg5 Qh3+ 24. Kf2 f5 25. Rh1 fxe4 26.
Rxh3 Bxc5+ 27. Kg2 Nd4 28. Qc4 exf3+ 29. Kh2 Bd6 30. c3 b5 31. Qd5 e4 32.
Qxd4 Bxg3+ 33. Kxg3 Rxh3+ 34. Kxh3 1-0

[Event "4th Stage Russian Cup"]
[Site "Samara RUS"]
[Date "2002.07.29"]
[Round "4"]
[White "Kiselev,Ar"]
[Black "Matveeva,S"]
[Result "0-1"]
[WhiteElo "2195"]
[BlackElo "2448"]
[EventDate "2002.07.26"]

1. d4 Nf6 2. c4 g6 3. g3 Bg7 4. Bg2 O-O 5. Nf3 d6 6. Nc3 Nbd7 7. O-O e5 8.
e4 exd4 9. Nxd4 Nc5 10. h3 Re8 11. Re1 Bd7 12. Rb1 Qc8 13. Kh2 h6 14. f4 a5
15. b3 c6 16. Ba3 Qc7 17. Qd2 Rad8 18. Rbd1 h5 19. e5 dxe5 20. Bxc5 exd4
21. Na4 h4 22. Bb6 hxg3+ 23. Kg1 Qb8 24. Bxd8 Rxd8 25. Qxd4 Nd5 26. Qd2
Nxf4 27. Re7 Nxg2 28. Qd6 Qxd6 29. Rxd6 Nh4 30. Rdxd7 Rxd7 31. Rxd7 f5 32.
Nc5 f4 33. Ne4 Bd4+ 34. Rxd4 Nf3+ 35. Kg2 Nxd4 36. Nc5 b5 37. cxb5 cxb5 38.
Nd3 g5 39. h4 gxh4 40. Nxf4 Kf7 41. Kh3 Nf5 42. a4 b4 43. Nd5 Ke6 44. Nb6
Ne3 0-1

[Event "4th Stage Russian Cup"]
[Site "Samara RUS"]
[Date "2002.07.29"]
[Round "4"]
[White "Ovetchkin,R"]
[Black "Lysyj,I"]
[Result "0-1"]
[WhiteElo "2557"]
[BlackElo "2382"]
[EventDate "2002.07.26"]

1. Nf3 e6 2. c4 c5 3. Nc3 Nf6 4. g3 b6 5. Bg2 Bb7 6. O-O Nc6 7. e4 e5 8. d3
Be7 9. Nd5 d6 10. Nxe7 Qxe7 11. Nh4 Nd4 12. f4 O-O-O 13. Be3 g6 14. b4 Nd7
15. Qd2 f6 16. Bh3 Kb8 17. Bxd4 cxd4 18. Bxd7 Rxd7 19. f5 g5 20. Ng2 b5 21.
cxb5 d5 22. exd5 Bxd5 23. Rac1 Rc8 24. Rxc8+ Kxc8 25. Rc1+ Rc7 26. Ne1 Kb7
27. Rxc7+ Qxc7 28. a4 Qc3 29. Qxc3 dxc3 30. Kf2 Bb3 31. Ke3 Bxa4 32. g4 Kb6
33. d4 exd4+ 34. Kxd4 c2 35. Nd3 Bxb5 36. Nc1 Bc6 37. Kd3 Bf3 38. Kxc2 Bxg4
39. Nb3 Bxf5+ 40. Kd2 h5 41. Nd4 Bd7 42. Ke3 Kc7 43. Ne2 Kd6 44. Kd4 h4 45.
Nc3 Bc6 46. Nd1 f5 47. Ne3 Ke6 48. Nc4 g4 49. Ke3 g3 0-1

[Event "4th Stage Russian Cup"]
[Site "Samara RUS"]
[Date "2002.07.29"]
[Round "4"]
[White "Grebionkin,Vl"]
[Black "Krassilnikov,E"]
[Result "1-0"]
[WhiteElo "2475"]
[BlackElo "2314"]
[EventDate "2002.07.26"]

1. Nf3 g6 2. c4 Bg7 3. d4 d6 4. Nc3 Nf6 5. e4 O-O 6. Be2 e5 7. O-O a5 8.
Re1 Nc6 9. dxe5 dxe5 10. Qxd8 Rxd8 11. Bg5 Rf8 12. Bf1 Bg4 13. Nd5 Nxd5 14.
cxd5 Bxf3 15. dxc6 Bg4 16. cxb7 Ra7 17. Rac1 Rxb7 18. b3 Be6 19. Bc4 Bxc4
20. Rxc4 Ra8 21. Rd1 Bf8 22. Bf6 Bd6 23. f4 exf4 24. e5 Bf8 25. Rd7 Rc8 26.
Kf2 Rb4 27. Rcxc7 Rxc7 28. Rxc7 a4 29. Rc8 axb3 30. axb3 Rb7 31. h4 h6 32.
b4 Rxb4 33. Be7 Rb2+ 34. Kf3 g5 35. Rxf8+ Kg7 36. Rc8 gxh4 37. Bxh4 Kg6 38.
Kxf4 Rb4+ 39. Kg3 Rb3+ 40. Kh2 Re3 41. Bf6 Rb3 42. Rg8+ Kf5 43. Rg7 Rb7 44.
Kh3 Rb3+ 45. Rg3 Rb1 46. Rf3+ Kg6 47. Kg4 Rg1 48. Rg3 Rf1 49. Kh4+ Kf5 50.
Rf3+ 1-0

[Event "4th Stage Russian Cup"]
[Site "Samara RUS"]
[Date "2002.07.29"]
[Round "4"]
[White "Frolov,D"]
[Black "Shibaev,A"]
[Result "1-0"]
[WhiteElo "2459"]
[BlackElo "2306"]
[EventDate "2002.07.26"]

1. e4 e5 2. Nc3 Nf6 3. Nf3 Nc6 4. d4 exd4 5. Nxd4 Bb4 6. Nxc6 bxc6 7. Bd3
d5 8. exd5 Qe7+ 9. Qe2 Nxd5 10. Qxe7+ Kxe7 11. Bd2 Nxc3 12. a3 Bd6 13. Bxc3
Re8 14. O-O-O Kf8 15. Rhe1 Bd7 16. Bxh7 g6 17. h4 Be6 18. h5 gxh5 19. Be4
Bd7 20. Bf3 Bf4+ 21. Kb1 Bg4 22. Bxg4 hxg4 23. Rh1 Ke7 24. Rd4 Bd6 25. Rxg4
Rg8 26. Re4+ Kd7 27. g3 f5 28. Rh7+ Kc8 29. Re6 Rb8 30. Be5 Bxe5 31. Rxe5
Rb5 32. Ree7 1-0

[Event "4th Stage Russian Cup"]
[Site "Samara RUS"]
[Date "2002.07.29"]
[Round "4"]
[White "Kondenko,A"]
[Black "Pridorozhni,A"]
[Result "0-1"]
[WhiteElo "2335"]
[BlackElo "2453"]
[EventDate "2002.07.26"]

1. e4 c5 2. Nf3 Nc6 3. Nc3 Nf6 4. Bb5 Nd4 5. e5 Nxb5 6. Nxb5 Nd5 7. Ng5 f6
8. exf6 Nxf6 9. O-O d6 10. d4 a6 11. Nc3 cxd4 12. Qxd4 h6 13. Nge4 e5 14.
Qd3 Be6 15. f4 Be7 16. fxe5 dxe5 17. Nxf6+ gxf6 18. Qf3 Qc7 19. Rd1 Rd8 20.
Be3 Qc6 21. Rxd8+ Bxd8 22. Ne4 Bd5 23. Qh5+ Bf7 24. Qf5 Rg8 25. Rf1 Bd5 26.
Qh5+ Kd7 27. c4 Bxc4 28. Qf5+ Kc7 29. Rc1 Kb8 30. Ng3 Qe6 31. Qc2 Bd5 32.
Rd1 Bb6 33. Qf2 Bxe3 34. Qxe3 f5 35. Qc5 Rd8 36. Rc1 Bc6 37. Re1 f4 38. Nf1
e4 39. Qf2 Rf8 40. b3 Qg8 41. Rc1 e3 42. Qb2 Qd5 0-1

[Event "4th Stage Russian Cup"]
[Site "Samara RUS"]
[Date "2002.07.29"]
[Round "4"]
[White "Frolyanov,D"]
[Black "Sunjaikin,B"]
[Result "1-0"]
[WhiteElo "2448"]
[BlackElo "2219"]
[EventDate "2002.07.26"]

1. e4 c5 2. Nf3 e6 3. d4 cxd4 4. Nxd4 a6 5. Nc3 Qc7 6. g3 d6 7. Bg2 Bd7 8.
O-O Nc6 9. Nb3 Nf6 10. a4 Be7 11. f4 O-O 12. Be3 Nb4 13. a5 Bc6 14. Nd4 d5
15. e5 Ne4 16. Nce2 Bb5 17. Nxb5 axb5 18. c3 Nc6 19. b4 Nb8 20. Qd3 Rc8 21.
Bxe4 dxe4 22. Qxe4 Qc6 23. Qxc6 Nxc6 24. Rfd1 Kf8 25. g4 Ke8 26. Ng3 Nd8
27. Ne4 Rc4 28. Rd4 Rxd4 29. Bxd4 Nc6 30. Bb6 Nb8 31. Bc5 Nd7 32. Bxe7 Kxe7
33. Nd6 g5 34. Nxb7 gxf4 35. Nd6 Nxe5 36. Nxb5 Nxg4 37. a6 Kd7 38. c4 Ne3
39. a7 Kc6 40. Nd4+ Kb7 41. c5 Rxa7 42. Rxa7+ Kxa7 43. b5 Kb7 44. Nc6 Nd5
45. Nd8+ Kc7 46. Nxf7 Nc3 47. b6+ Kb7 48. Nd8+ Kc8 49. Nxe6 Kb7 50. Nxf4
Ne4 51. Nd3 Nf6 1-0

[Event "4th Stage Russian Cup"]
[Site "Samara RUS"]
[Date "2002.07.29"]
[Round "4"]
[White "Akhmadeev,V"]
[Black "Gareev,T"]
[Result "1/2-1/2"]
[WhiteElo "2414"]
[BlackElo "2191"]
[EventDate "2002.07.26"]

1. e4 c5 2. Nf3 Nc6 3. Bb5 g6 4. Bxc6 bxc6 5. d3 Bg7 6. O-O d6 7. h3 e5 8.
Be3 f5 9. c3 Nf6 10. exf5 gxf5 11. d4 cxd4 12. cxd4 e4 13. Nh2 O-O 14. Nc3
Ba6 15. Re1 Bd3 16. Qd2 Rb8 17. Rac1 Qb6 18. b3 Nd5 19. Nxd5 cxd5 20. Bh6
Rb7 21. Bxg7 Rxg7 22. Qf4 Rg6 23. Nf1 Bxf1 24. Rxf1 Qxd4 25. Rc7 a5 26. Rd7
Qf6 27. Rc1 d4 28. Rcc7 d3 29. Qc1 d5 30. Rxd5 Rg7 31. Rxg7+ Qxg7 32. Qf4
Qf6 33. Kh2 Kh8 34. g3 Qe6 35. Rxa5 Qe7 36. Qe5+ Qg7 37. Qf4 Qd7 38. Qe5+
Qg7 39. Qf4 Qe7 40. Qd2 Qc7 41. Rd5 Qg7 42. Qf4 Qc3 43. Rd7 Qb2 44. b4 Qf6
45. a4 Re8 46. Qe3 Re7 47. Rd8+ Kg7 48. b5 Rc7 49. b6 Qxd8 50. bxc7 Qxc7
51. Qg5+ Kh8 52. Qxf5 Qd6 53. Qc8+ Kg7 54. Qc3+ Kg6 55. Qd2 Qc6 56. Qd1 Qc2
57. Qg4+ Kf6 58. Qf4+ Kg7 59. Qe5+ Kf7 60. Qf5+ Kg7 1/2-1/2

[Event "4th Stage Russian Cup"]
[Site "Samara RUS"]
[Date "2002.07.29"]
[Round "4"]
[White "Iliushkin,E"]
[Black "Vulfson,V"]
[Result "0-1"]
[WhiteElo "2292"]
[BlackElo "2412"]
[EventDate "2002.07.26"]

1. d4 d5 2. c4 dxc4 3. Nf3 Nf6 4. e3 e6 5. Bxc4 c5 6. O-O a6 7. a4 Nc6 8.
Nc3 cxd4 9. exd4 Be7 10. Bg5 O-O 11. Re1 Nb4 12. Qe2 Bd7 13. d5 Nbxd5 14.
Nxd5 exd5 15. Qxe7 dxc4 16. Qb4 h6 17. Bh4 Be6 18. Rad1 Qc7 19. Bxf6 gxf6
20. Nd4 Rfe8 21. Re4 Rad8 22. Rde1 Bd7 23. h3 Re5 24. R1e3 Rde8 25. Rg3+
Kh7 26. Rxe5 fxe5 27. Nf3 b5 28. Qd2 Bf5 29. axb5 axb5 30. Nh4 Bd3 31. Rf3
Qd8 32. Nf5 Bxf5 33. Qxd8 Rxd8 34. Rxf5 Rd2 35. b3 cxb3 36. Rf3 b2 0-1